书目信息 |
| 题名: |
桥涵水文
|
|
| 作者: | 高冬光 , 王亚玲 编著 | |
| 分册: | ||
| 出版信息: | 人民交通 2008.09 |
|
| 页数: | 231页 | |
| 开本: | 28cm | |
| 丛书名: | ||
| 单 册: | ||
| 中图分类: | U442.3 | |
| 科图分类: | ||
| 主题词: | 桥涵工程 | |
| 电子资源: | ||
| ISBN: | 978-7-114-07367-0 | |
| 000 | 00716nam0 2200253 45 | |
| 001 | 0941303437 | |
| 005 | 20181213080912.31 | |
| 010 | @a978-7-114-07367-0@dCNY28.00 | |
| 100 | @a20090515d2008 ekmy0 y0120 ea | |
| 102 | @aCN@b130000 | |
| 102 | @aCN@b110000 | |
| 105 | @ay z 000yy | |
| 200 | 1 | @a桥涵水文@Aqiao han shui wen@f高冬光,王亚玲编著@Fgao dong guang,wang ya ling bian zhu |
| 205 | @a(第四版) | |
| 210 | @c人民交通@d2008.09 | |
| 210 | @a北京@c人民交通出版社 | |
| 215 | @a231页@d28cm | |
| 606 | 0 | @a桥涵工程 |
| 690 | @aU442.3@v4 | |
| 701 | 0 | @a高冬光@Agao dong guang@4编著 |
| 701 | 0 | @a王亚玲@Awang ya ling@4编著 |
| 801 | 0 | @aCN@c20091017 |
| 905 | @a10447@dU442.3@eG102=4 | |
| 906 | @d28@n3@r1 | |
| 桥涵水文/高冬光,王亚玲编著.-(第四版).-人民交通,2008.09.-北京:人民交通出版社 |
| 231页;28cm |
| ISBN 978-7-114-07367-0:CNY28.00 |
| ● |
| 相关链接 |
|
|
|
正题名:桥涵水文
索取号:U442.3/G102=4
 
预约/预借
| 序号 | 登录号 | 条形码 | 馆藏地/架位号 | 状态 | 备注 |
| 1 | 1282219 | 212822196 | 自科库501/501自科库 84排1列3层/ [索取号:U442.3/G102=4] | 在馆 | |
| 2 | 476254 | 204762541 | 自科库501/501自科库 84排1列3层/ [索取号:U442.3/G102=4] | 在馆 | |
| 3 | 891451 | 208914512 | 自科库501/501自科库 84排1列3层/ [索取号:U442.3/G102=4] | 在馆 | |
| 4 | 891452 | 208914521 | 自科库501/501自科库 84排1列3层/ [索取号:U442.3/G102=4] | 在馆 | |
| 5 | 891453 | 208914530 | 自科库501/501自科库 84排1列3层/ [索取号:U442.3/G102=4] | 在馆 |